[Event "RUS-ch Youth U21 Boys 2017"]
[Site "Loo"]
[Date "2017.04.27"]
[Round "8"]
[White "Sarana, Alexey"]
[Black "Sorokin, Aleksey"]
[Result "0-1"]
[WhiteElo "2464"]
[BlackElo "2445"]
[Annotator "TA"]
[PlyCount "78"]
[EventDate "2017.??.??"]
[EventType "tourn"]
[EventCountry "RUS"]
[SourceTitle "playchess.com"]
[Source "ChessBase"]
[SourceQuality "1"]

{[%evp 11,78,31,31,29,39,38,39,39,37,38,26,30,35,45,54,57,51,55,63,59,89,28,6,-20,-27,-79,-81,-110,-108,-110,-110,-110,-104,-108,-70,-87,-74,-90,-67,-93,-63,-62,-62,-52,-66,-110,-109,-109,-112,-109,-105,-106,-100,-187,-196,-560,-565,-533,-524,-554,-551,-591,-503,-570,-370,-642,-633,-908,-895]} 1. Nf3 Nf6 2. c4 g6 3. Nc3 d5 4. cxd5 Nxd5 5. Qb3 Nb6 6. d4 Bg7 7. Bf4 {D90: Grünfeld: 4 Nf3 Bg7 sidelines} Be6 8. Qa3 Nc6 (8... O-O 9. e3 N8d7 10. Rd1 c6 11. Ng5 Bd5 12. e4 e5 13. dxe5 Re8 14. Nf3 Nxe5 15. Bxe5 Bxe5 16. Nxe5 Rxe5 {½-½ (24) Jakovenko,D (2709)-Grischuk,A (2742) Sharjah 2017}) 9. e3 {White is slightly better.} O-O 10. Bb5 Nd5 11. Bg3 Ncb4 {[#] And now ...Nc2+ would win.} 12. Rc1 $1 a5 13. O-O c6 14. Be2 $1 Re8 $146 (14... h6) 15. Rfd1 Nb6 16. d5 (16. b3 $16) 16... N6xd5 $11 (16... N4xd5 $2 17. Nxd5 Nxd5 18. e4 $18) (16... cxd5 $2 17. Nb5 $18) 17. Nxd5 cxd5 (17... Nxd5 $2 18. e4 $18) 18. Rc7 (18. Bb5 $11) 18... Bd7 $17 19. Rxb7 Bc6 20. Rc7 {Black should prevent Rc1.} e5 21. Rxc6 Nxc6 22. Qc5 Qc8 (22... Nb4 23. a3 e4 24. axb4 exf3 25. Bxf3 $15) 23. Qxd5 Rd8 24. Qe4 {[#]} Rxd1+ $1 25. Bxd1 f6 26. h4 Ne7 27. Bb3+ Kh8 28. h5 {[%cal Rf3e5]} Qc6 $36 {[%mdl 2048] Black has strong initiative.} ({Of course not} 28... gxh5 $6 29. Bxe5 Qc1+ 30. Kh2 $11) 29. Qg4 a4 {[%cal Ba5a4,Ba4a3][%mdl 32]} 30. Bf7 {[%cal Rh5g6]} g5 31. b3 h6 32. e4 (32. Qb4 $17 {is a better defense.} Nf5 33. bxa4) 32... a3 $19 33. Nd2 $2 (33. Ne1 {is more resistant.}) 33... Qc2 $1 {[%csl LRa2,LRd2]} 34. Nc4 Qxa2 35. Qd1 Nc6 36. Bd5 Rd8 37. Qc1 Nb4 ({Weaker is} 37... Qxb3 38. Nd6 Nd4 39. Qf1 $19 (39. Nf7+ $2 Kh7 40. Bxb3 Ne2+ 41. Kh2 Nxc1 $19)) 38. Be6 $2 (38. Qxa3 Qxa3 39. Nxa3 Nxd5 40. exd5) 38... Ra8 39. Nd6 Qc2 0-1

[Event "RUS-ch Youth U21 Boys 2017"]
[Site "Loo"]
[Date "2017.04.28"]
[Round "9"]
[White "Yuffa, Daniil"]
[Black "Lomasov, Semen"]
[Result "1/2-1/2"]
[WhiteElo "2521"]
[BlackElo "2489"]
[Annotator "TA"]
[PlyCount "85"]
[EventDate "2017.??.??"]
[EventType "tourn"]
[EventCountry "RUS"]
[SourceTitle "playchess.com"]
[Source "ChessBase"]
[SourceQuality "1"]

{[%evp 22,85,0,0,31,35,35,26,32,31,26,0,0,0,0,-45,-34,-46,-52,-91,-88,-87,-73,-143,-77,-122,-112,-181,-168,-177,-157,-170,-170,-174,-170,-156,-143,-193,-125,-138,-144,-163,-156,-162,-155,-164,-168,-143,0,-192,-194,-250,0,0,0,0,0,0,0,0,0,0,0,0,0,0]} 1. Nf3 Nf6 2. g3 c5 3. Bg2 g6 4. O-O Bg7 5. c4 O-O 6. Nc3 Nc6 7. d4 cxd4 8. Nxd4 Qa5 9. Nb3 Qh5 10. e4 {A39: Symmetrical English vs ...g6: 4 Bg2 Bg7 5 Nf3 Nf6 6 0-0 0-0 7 d4} d6 11. Qxh5 Nxh5 12. Nd5 {LiveBook: 7 Games} Nf6 (12... a5 13. Rb1 a4 14. Nd2 Nf6 15. Re1 Nxd5 16. exd5 Nb4 17. a3 Nd3 {0-1 (50) Topalov,V (2761)-Caruana,F (2804) Leuven 2016}) 13. Bg5 Rd8 14. Rfd1 Bg4 15. f3 Be6 16. Nc7 $146 (16. Rac1 Rac8 17. Kf2 Kf8 18. Bf1 Nd7 {0-1 (54) Gu,C (2313)-Priyadharshan,K (2433) Arlington 2014}) 16... Rac8 17. Nxe6 fxe6 18. Rac1 Nd7 19. Rd2 a5 20. Rcd1 Nde5 21. c5 {[%cal Rc5d6]} h6 22. Bf4 (22. cxd6 $2 hxg5 23. Nc5 Kf7 $19) (22. Bxe7 $142 Nxe7 23. Nxa5 (23. cxd6 N7c6 24. d7 Rc7 $19)) 22... a4 (22... Nc4 $142 23. Rc2 Nxb2) 23. Bxe5 Bxe5 24. Bh3 (24. Nc1 $17) 24... axb3 $19 25. Bxe6+ Kg7 {Hoping for ...bxa2!} 26. Bxc8 Rxc8 27. axb3 dxc5 28. Rd7 Rb8 ({Resist} 28... Bxb2 29. Rxb7 Kf6 30. f4 $15) 29. f4 {[#]} Bxb2 (29... Bd4+ $1 $19 30. Kg2 Kf6) 30. R1d5 $17 Kf7 31. Kg2 Bd4 32. Rc7 Ra8 33. Rxb7 Ra2+ 34. Kh1 Be3 (34... Na5 $17 35. Rb5 Ra1+ 36. Kg2 Ra2+ 37. Kh1 Bf2) 35. Rdd7 $2 {[#]} (35. Rc7 $11 Nd4 36. Re5) 35... g5 $1 $19 36. Rdc7 (36. Rbc7 {was necessary.} Ra6 37. fxg5 hxg5 38. h3) 36... g4 $2 ({Better is} 36... gxf4 $19 {( -> ...f3)} 37. gxf4 (37. Rxc6 {leads to mate.} f3 38. h4 Ra1+ 39. Kh2 f2 40. Rxe7+ Kxe7 41. Rc7+ Ke6 42. Ra7 Rxa7 43. Kg2 Ra1 44. Kf3 f1=Q+ 45. Kxe3 Re1+ 46. Kd2 Qe2+ 47. Kc3 Rc1#) 37... Ra6) 37. h3 $1 $11 {The position is equal.} (37. Rxc6 $2 {is a self mate.} Ra1+ 38. Kg2 Rg1#) 37... Ra1+ 38. Kh2 Ra2+ 39. Kh1 Ra1+ 40. Kg2 Rg1+ 41. Kh2 Nd4 {[%cal Rd4f3]} 42. Rxe7+ Kf8 $1 {[%cal Rd4f3]} 43. Rf7+ 1/2-1/2

[Event "RUS-ch Youth U21 Boys 2017"]
[Site "Loo"]
[Date "2017.04.28"]
[Round "9"]
[White "Zakhartsov, Vladimir"]
[Black "Esipenko, Andrey"]
[Result "1/2-1/2"]
[WhiteElo "2470"]
[BlackElo "2492"]
[Annotator "TA"]
[PlyCount "97"]
[EventDate "2017.??.??"]
[EventType "tourn"]
[EventCountry "RUS"]
[SourceTitle "playchess.com"]
[Source "ChessBase"]
[SourceQuality "1"]

{[%evp 13,97,-10,-3,-9,-6,0,16,16,20,0,0,0,23,0,14,7,13,0,0,3,0,0,0,0,36,37,48,35,35,39,45,9,10,6,11,14,6,0,30,0,0,0,0,0,0,-18,-8,-4,0,0,0,0,0,0,0,0,0,0,0,0,13,0,0,0,8,12,8,8,12,8,11,12,16,8,8,0,0,0,0,0,0,0,0,0,0,0]} 1. e4 e5 2. Nf3 Nc6 3. Nc3 Nf6 4. Bb5 Nd4 5. Bc4 Bc5 6. h3 {C48: Four Knights: 4 Bb5, replies other than 4...Bb4} (6. d3 d6 7. Na4 b5 8. Nxd4 bxc4 9. Nf5 Bxf5 10. exf5 cxd3 11. Nxc5 dxc5 12. Bg5 e4 13. cxd3 exd3 14. Bxf6 Qxf6 15. Qxd3 O-O 16. O-O Qxb2 17. Qc4 Qe5 18. Rac1 Qxf5 {½-½ (18) Ivanchuk,V (2710)-Cheparinov,I (2687) Varadero 2016}) 6... d6 7. d3 Be6 {LiveBook: 5 Games} 8. Be3 Nxf3+ $146 (8... Bxc4 9. dxc4 Ne6 10. Qd3 c6 11. O-O-O Qc7 12. Nh4 O-O-O 13. g3 Qb6 14. Rhf1 Rd7 15. Bxc5 dxc5 {½-½ (30) Zimmermann,J (2316)-Huschenbeth,N (2180) Hamburg 2005}) 9. Qxf3 Bb6 10. O-O-O Qe7 11. Qg3 Nh5 12. Qf3 {[#] Bxe6 is the strong threat.} Nf6 13. Qg3 Bxe3+ (13... Nh5 $5 {with more complications.}) 14. Qxe3 a6 15. Bxe6 fxe6 16. d4 exd4 17. Qxd4 Nd7 18. f4 Rd8 19. Qb4 O-O 20. e5 {[%cal Re5d6]} ({Of course not} 20. Qxb7 Nc5 21. Qc6 Rxf4 $15) 20... Nc5 {[#] Hoping for ...dxe5.} 21. exd6 cxd6 22. g3 d5 {Threatens to win with ...Nd3+!} 23. Kb1 Qc7 24. Rhe1 b5 {[%cal Bb7b5,Bb5b4][%mdl 32]} 25. Qd4 Rd6 26. g4 b4 $1 {[%cal Rb4c3] The position is equal.} 27. Ne2 Ne4 28. f5 exf5 29. Nf4 Rc8 30. Re2 Qc4 31. gxf5 {Black should prevent Qe5.} Ng3 32. Red2 Qxd4 ({Much weaker is} 32... Nxf5 $6 33. Qe5 $16) 33. Rxd4 Nxf5 34. Rxb4 Ne3 35. Rd2 g5 {White must now prevent ...a5.} 36. Ng2 $1 {[%cal Rg2e3]} Nc4 37. Re2 Rf6 38. a4 Rf3 39. Rb3 Rxb3 40. cxb3 $11 {[%mdl 4096] Endgame KRN-KRN} Na5 $1 41. Re5 h6 42. Rxd5 Nxb3 43. Rd6 a5 44. Rxh6 Nd2+ 45. Ka2 {And now Rg6+ would win.} Rc4 {[%cal Rc4a4]} 46. Ka3 Nb1+ 47. Ka2 Nd2 {[%cal Rc4a4]} 48. Ka3 Nb1+ 49. Ka2 1/2-1/2

[Event "RUS-ch Youth U21 Boys 2017"]
[Site "Loo"]
[Date "2017.04.28"]
[Round "9"]
[White "Sorokin, Aleksey"]
[Black "Khegay, Dmitriy"]
[Result "1/2-1/2"]
[WhiteElo "2445"]
[BlackElo "2477"]
[Annotator "TA"]
[PlyCount "223"]
[EventDate "2017.??.??"]
[EventType "tourn"]
[EventCountry "RUS"]
[SourceTitle "playchess.com"]
[Source "ChessBase"]
[SourceQuality "1"]

{[%evp 19,223,60,69,71,70,67,95,79,112,112,81,94,99,55,94,79,58,51,53,45,55,57,35,7,10,14,7,0,0,9,12,11,12,4,28,12,19,12,24,14,55,12,27,27,36,0,0,-36,-29,-48,-50,-53,-47,-46,0,0,0,0,0,0,0,0,0,-134,-123,-123,-123,-123,-123,-123,-107,-190,-190,-183,-100,-102,-95,-123,-123,-123,-123,-123,-123,-123,-123,-123,-123,-123,-123,-123,-123,-123,-123,-123,-122,-122,-122,-122,-122,-122,-122,-122,-122,-122,-122,-122,-122,-122,-122,-212,-212,-212,-212,-212,-212,-212,-212,-212,-212,-212,-212,-212,-212,-212,-212,-212,-212,-212,0,-212,-212,-212,-122,-212,-122,-122,-10,-10,-10,-10,0,0,0,0,0,-10,-10,-10,-10,-10,-10,-10,0,-10,-10,-10,-10,-10,-10,-10,0,0,0,0,0,0,0,0,0,0,0,0,0,0,0,0,0,0,0,0,0,0,0,0,0,0,0,0,0,0,0,0,0,0,0,0,0,0,0,0,0,0,0,0,0,0]} 1. d4 g6 2. c4 Bg7 3. Nc3 c5 4. d5 d6 5. e4 e6 6. h3 {A43: Schmid Benoni} Ne7 7. Nf3 a6 8. Bd3 O-O 9. O-O h6 10. Re1 Nd7 {LiveBook: 3 Games} 11. dxe6 $146 (11. a4 g5 12. Ne2 Ng6 13. Ng3 Nf4 {1-0 (33) Van Wely,L (2665)-Shomoev,A (2578) Jurmala 2015}) 11... fxe6 12. Be2 Qc7 13. Be3 $1 Nf6 14. Qd2 Kh7 15. Rad1 Ne8 16. a4 e5 17. Nd5 Nxd5 18. cxd5 Bd7 19. Ra1 Nf6 20. Qc2 b5 21. axb5 axb5 22. Nd2 Qb7 23. Rec1 Ra6 24. b4 c4 25. Ra5 Rxa5 26. bxa5 Ra8 27. Qc3 Qa6 28. Ra1 Be8 29. Qb4 Bf8 30. Bg4 Be7 31. Bb6 Bd8 32. Bxd8 Rxd8 33. Be2 Rc8 34. Rc1 Ra8 35. Nxc4 bxc4 36. Bxc4 Qa7 37. Qxd6 Qxf2+ 38. Kh1 Nxe4 39. Qxe5 Ng3+ 40. Kh2 Nf5 41. Bb3 (41. Qc7+ $11 {keeps the balance.} Kg8 42. d6+ Kh8 43. d7 (43. Bd5 Qf4+ 44. Kh1 Ng3+ 45. Kg1 Qd4+ 46. Kh2 Qxd5 $17) 43... Bxd7 44. Rd1) 41... Ne3 {[%csl Ge3][%cal Rf2g2]} 42. Rc7+ Bf7 43. Rxf7+ Qxf7 44. Qxe3 $17 {[%mdl 4096] Endgame KQR-KQB} Qc7+ 45. Qg3 (45. g3 $17) 45... Qxg3+ $1 $19 ({Stronger than} 45... Qxa5 46. Bc2 Ra6 47. h4 $15 (47. d6 Qg5 48. Qxg5 hxg5 $17)) 46. Kxg3 {KR-KB} Kg7 ({Black should try} 46... Rxa5 $19 47. Bc4 Rc5) 47. d6 $17 Kf6 48. d7 ({Don't take} 48. Kg4 $2 Rxa5 49. Kf4 Ra6 $19) 48... Ke7 49. Ba4 Rxa5 50. Bc6 Rc5 51. Ba4 Rc3+ 52. Kf2 Rc4 53. Bb5 Rb4 54. Bc6 Kd8 55. Ke3 Kc7 56. Kf2 g5 57. Kg3 Rb3+ 58. Kf2 Rb8 59. Ba4 Ra8 60. Bb5 Rf8+ 61. Kg3 Rf4 62. Bc6 h5 {[%cal Bh6h5,Bh5h4][%mdl 32]} 63. Kh2 h4 64. Bb5 {[#]} (64. Kg1 $17) 64... Rb4 $1 $19 {[%cal Rb4b5]} 65. Bc6 Rb1 66. Be4 Rb5 67. Bc6 Rc5 68. Ba4 Rc1 69. Bb5 Kd8 70. Ba4 Ke7 71. Bb5 Rd1 72. Ba4 Rd4 73. Bc6 Rd1 74. Ba4 $1 {[%cal Ra4d1]} Rf1 75. Bb5 Rf8 (75... Ra1 $19 76. Bc6 Kd8) 76. Bc6 {[#]} (76. Kg1 $17 {is a better defense.}) 76... Kd6 ({Better is} 76... Rf6 $1 $19 {[%cal Rf6c6]} 77. Ba4 Ra6) 77. Bb5 Kc5 ({Black should play} 77... Rd8 $17 78. Kg1 Rf8) 78. Be2 $11 {The position is equal.} Rd8 79. Bg4 Kd4 80. Kg1 Ke3 81. Kh2 Kf4 82. Be6 Ke5 83. Bg4 Kd6 84. Bf5 Ke7 85. Bg4 Rb8 86. Bf5 Rb5 87. Bg4 Rb1 88. Bf5 Rd1 {Threatens to win with ...Kd8.} 89. Bg4 Rd2 90. Bf5 Kf6 91. Bg4 $1 Ke5 92. Kh1 Kf4 93. Kh2 Ke3 94. Bf5 Kf2 (94... Kf4 $2 95. Bg4 $19) 95. Be6 Rd4 (95... Ke3 $2 96. Kg1 $19) 96. Bg4 Rd6 (96... Ke3 97. Kg1 $17) 97. Bf5 Ke3 (97... Rd2 $5 {looks sharper.}) 98. Bg4 Kf4 {...Ke5 is the strong threat.} 99. Be6 Ke5 100. Bg4 Rd2 101. Kh1 Ke4 102. Kh2 Rd6 {White must now prevent ...Ke5.} (102... Ke5 $2 103. Kh1 $19) 103. Bf3+ Ke5 104. Bg4 Kf4 105. Be6 Ke3 106. Bg4 Rd2 {Hoping for ...Kf2.} 107. Be6 Kf2 {Strongly threatening ...Ke3.} 108. Bg4 Kf1 ({Much less strong is} 108... Ke3 109. Kg1 $17) 109. Kh1 $1 Kf2 {And now ...Kg3 would win.} 110. Kh2 Ke3 111. Be6 Kf4 {aiming for ...Ke5.} 112. Bg4 1/2-1/2

[Event "RUS-ch Youth U21 Boys 2017"]
[Site "Loo"]
[Date "2017.04.28"]
[Round "9"]
[White "Kozionov, Kirill"]
[Black "Paravyan, David"]
[Result "0-1"]
[WhiteElo "2440"]
[BlackElo "2534"]
[Annotator "TA"]
[PlyCount "62"]
[EventDate "2017.??.??"]
[EventType "tourn"]
[EventCountry "RUS"]
[SourceTitle "playchess.com"]
[Source "ChessBase"]
[SourceQuality "1"]

{[%evp 21,62,12,8,10,10,-10,-16,-18,22,22,22,13,16,12,12,11,22,20,16,10,9,10,18,12,29,0,8,0,13,3,12,0,16,10,17,0,0,-256,-254,-875,-861,-860,-854]} 1. e4 c5 2. Nf3 d6 3. Bb5+ Nd7 4. d4 cxd4 5. Qxd4 a6 6. Bxd7+ Bxd7 7. c4 {B51: Sicilian: Moscow Variation (3 Bb5+) without 3...Bd7} ({Relevant:} 7. Nc3 e5 8. Qd3 Rc8 9. O-O h6 10. Nd2 Qc7 11. Rd1 Bg4 12. f3 Be6 13. Nf1 Nf6 14. Ne3 Be7 15. a4 O-O {½-½ (62) Adams,M (2748)-Giri,A (2771) London 2016}) 7... Nf6 8. Bg5 e6 9. O-O Be7 10. Nc3 Bc6 11. Rfd1 O-O {LiveBook: 3 Games} 12. Qe3 Qa5 $146 ({Predecessor (2):} 12... Qb8 13. a4 h6 14. Bh4 Rc8 {½-½ (58) Lin,C (2494)-Gao,R (2528) Zaozhuang 2015}) 13. Nd5 exd5 14. exd5 Rfe8 {Hoping for ...Bd7.} (14... Ba4 $5 {is interesting.} 15. b3 Rfe8 16. bxa4 h6 17. Bh4 Qxa4 18. Qd3 Rac8) 15. dxc6 bxc6 16. Qd2 Qb6 17. Be3 Qb7 18. Qc2 d5 19. cxd5 cxd5 20. Bd4 Ne4 21. Rac1 Rac8 22. Qd3 Rcd8 23. Qc2 Rc8 $36 {[%mdl 2048] White is under pressure.} 24. Qd3 Nc5 25. Qf5 Ne6 26. Bc3 Rc5 {aiming for ...d4.} 27. Nd4 Bf8 28. Nb3 Rcc8 29. Rd3 $2 {[%mdl 8192] [#]} ({Don't play} 29. Qxd5 Qxd5 30. Rxd5 Nf4 $17) (29. Qf3 $11 {and White stays safe.}) 29... d4 $1 $19 {[%mdl 512]} 30. Rxd4 $2 ({Don't go for} 30. Nxd4 $2 Nxd4 31. Rxd4 {[#]} Qxb2 $1 $19 {[%mdl 512]}) (30. Bd2) 30... Nxd4 31. Nxd4 {[#]} Qxb2 $1 {[%mdl 512]} 0-1

[Event "RUS-ch Youth U21 Boys 2017"]
[Site "Loo"]
[Date "2017.04.28"]
[Round "9"]
[White "Faizrakhmanov, Ramil"]
[Black "Sarana, Alexey"]
[Result "0-1"]
[WhiteElo "2436"]
[BlackElo "2464"]
[Annotator "TA"]
[PlyCount "58"]
[EventDate "2017.??.??"]
[EventType "tourn"]
[EventCountry "RUS"]
[SourceTitle "playchess.com"]
[Source "ChessBase"]
[SourceQuality "1"]

{[%evp 23,58,-13,0,-10,-10,-1,0,-23,-10,-27,-15,-212,-227,-223,-206,-244,-216,-374,-379,-371,-367,-543,-539,-523,-496,-478,-458,-29980,-962,-896,-665,-566,-547,-562,-526,-534,-535]} 1. d4 Nf6 2. c4 e6 3. Nf3 d5 4. Nc3 dxc4 5. e3 a6 6. Bxc4 b5 7. Bd3 Bb7 8. Qe2 Nbd7 9. O-O c5 10. Rd1 cxd4 11. exd4 Be7 12. a3 O-O {LiveBook: 3 Games. D48: Semi-Slav: Meran System: 7...b5 8 Bd3 a6} 13. Ne5 ({Relevant:} 13. Bg5 Nb6 14. Ne5 Nbd5 15. Ne4 h6 16. Bd2 Qb6 17. Nf3 Nxe4 18. Bxe4 Nf6 19. Bd3 Bd5 20. Ne5 {½-½ (49) Laxman,R (2425)-Harsha,B (2360) Nagpur 2015}) 13... Rc8 14. Bd2 $146 ({Predecessor (2):} 14. Be3 Nb6 15. Rac1 Nbd5 16. Bd2 Qb6 17. Bg5 Qd6 18. Bd2 Nxc3 19. Bxc3 g6 20. h3 {½-½ (37) Van Gysel,M (1984)-Khlopov,S (2126) LSS email 2011}) 14... Rc7 {The position is equal.} 15. Rac1 Qa8 16. f4 Rd8 17. Nd5 $2 (17. Bc2 $11) 17... Nxd5 $19 18. Bxh7+ Kf8 {[%cal Bg8f8,Bf8e8,Be8d7][%mdl 32]} 19. Rxc7 Nxc7 20. Qh5 $2 (20. Ba5 Nd5 21. Bxd8 Qxd8 22. Rf1) 20... Nxe5 21. fxe5 {[#]} Ke8 $1 (21... Rxd4 22. Rf1 Qe8 23. Bg6 $17) 22. Bg8 (22. Bg5 {is a better defense.} Rd7 23. Bxe7 Rxe7 24. Qe2) 22... Kd7 (22... Bxg2 23. Qxf7+ Kd7 24. Rc1 $17) 23. Bxf7 Bxg2 {White must now prevent ...Bf3.} 24. Rc1 Qe4 25. Qd1 {[#]} (25. Re1 $19 Qd5 26. Bc3) 25... Bf3 (25... Bh3 $142 26. Qf1 Bxf1 27. Rxf1 Qxd4+ 28. Rf2 Bc5 29. Be1 Rf8 30. Kf1 Qd3+ 31. Kg2 Bxf2 32. Bxf2 Rxf7 33. h3 Qf3+ 34. Kh2 Qxf2+ 35. Kh1 Qg3 36. b4 Rf1#) 26. Qe1 {Black is clearly winning.} Qg4+ 27. Qg3 Qxd4+ 28. Qf2 Qxf2+ 29. Kxf2 Rf8 0-1